| 000 | 00534nam a22001817a 4500 | ||
|---|---|---|---|
| 005 | 20241212151254.0 | ||
| 010 | _aB-761452 | ||
| 020 |
_a9789390842452 _c350.00 |
||
| 035 | _aB-761452 | ||
| 037 | _bB.Jain publishers (P) Ltd. | ||
| 082 | _aS | ||
| 245 | _aAge Old Stories with Moral Values/ | ||
| 260 |
_aNew Delhi _c202? _bVishu Books |
||
| 270 |
_aB-1/E-7 Mohan Estate, Badarpur _bNew Delhi _e110044 |
||
| 300 |
_a78p. _bcol.ill _c28cm(Hb) |
||
| 942 |
_2ddc _cCH _mAGE _hS |
||
| 999 |
_c207649 _d207649 |
||